The Alphabet in 1 Hour - Statistics

General Stats
  • This quiz has been taken 94 times
  • The average score is 25 of 26
Answer Stats
Hint Answer % Correct
1. A
100%
2. B
98%
3. C
98%
4. D
96%
5. E
96%
6. F
96%
7. G
96%
8. H
96%
9. I
96%
10. J
96%
11. K
96%
12. L
96%
13. M
96%
14. N
96%
15. O
96%
16. P
96%
17. Q
96%
18. R
96%
19. S
96%
20. T
96%
21. U
96%
22. V
94%
23. W
94%
24. X
94%
25. Y
94%
26. Z
94%
No matching quizzes found
Score Distribution
Percent of People with Each Score
Percentile by Number Answered
Your Score History
You have not taken this quiz